00310nam a2200121 a 4500008004100000020001500041050001500056100002100071245003900092260003400131300001400165350000900179120416s1976 ||||||||||||||||| || u a0201023415 aQA 162 Fra aFraleigh, John B12aA first course in abstract algebra aReadingbAddison-Wesleyc1976 axvi,455p. a0.00